[Event "Rated Blitz game"]
[Site "?"]
[Date "2021.06.13"]
[Round "?"]
[White "mecker"]
[Black "Engvangchess"]
[Result "1-0"]
[WhiteElo "2409"]
[BlackElo "2346"]
[PlyCount "37"]
[EventDate "2021.??.??"]
[EventType "blitz"]

1. e4 e5 2. Nf3 d5 3. d4 dxe4 4. Nxe5 Bd6 5. Nc4 Nf6 6. Be2 O-O 7. Nxd6 Qxd6 8.
O-O Nc6 9. c3 Bf5 10. Na3 Rad8 11. Nc4 Qe7 12. Bg5 h6 13. Bh4 g5 14. Bg3 Nd5
15. Qb3 b6 16. Rfe1 Be6 17. Qa4 Qd7 18. Ne3 Nf4 19. Bb5 {Normal} 1-0

[Event "Rated Rapid game"]
[Site "?"]
[Date "2021.06.13"]
[Round "?"]
[White "ingwar777"]
[Black "ABA-001"]
[Result "1-0"]
[WhiteElo "2265"]
[BlackElo "2440"]
[PlyCount "37"]
[EventDate "2021.??.??"]
[EventType "rapid"]

1. e4 e5 2. Nf3 d5 3. Nxe5 Bd6 4. d4 dxe4 5. Nc4 Be7 6. Nc3 Nf6 7. Bg5 Nc6 8.
d5 Nxd5 9. Qxd5 Bxg5 10. Qxd8+ Bxd8 11. Nxe4 O-O 12. Ne3 Re8 13. Ng3 f5 14.
Bc4+ Kh8 15. Ne2 Ne5 16. Bb3 Ng6 17. Bf7 Re4 18. O-O-O f4 19. Rxd8+ {Normal}
1-0

[Event "Rated Blitz tournament XNuMqIrl"]
[Site "?"]
[Date "2021.06.13"]
[Round "?"]
[White "xmodey"]
[Black "RR21"]
[Result "1-0"]
[WhiteElo "2315"]
[BlackElo "2435"]
[PlyCount "83"]
[EventDate "2021.??.??"]
[EventType "blitz"]

1. e4 e5 2. Nf3 d5 3. Nxe5 dxe4 4. d4 exd3 5. Bxd3 Bd6 6. Qe2 Ne7 7. Nc4 O-O 8.
Nxd6 Qxd6 9. O-O Bf5 10. Bxf5 Nxf5 11. Nc3 Nc6 12. Rd1 Qg6 13. Bf4 Ncd4 14. Qd3
Ne6 15. Bg3 h5 16. Qc4 c6 17. a4 Rad8 18. a5 Kh7 19. b3 Ng5 20. Rxd8 Rxd8 21.
Rd1 Rxd1+ 22. Nxd1 Kg8 23. Qd3 h4 24. Bf4 h3 25. g4 Ne6 26. Qxf5 Qxf5 27. gxf5
Nxf4 28. f3 Kf8 29. Kf2 Ke7 30. Kg3 Ne2+ 31. Kxh3 Nd4 32. Ne3 Kf6 33. Kg4 b6
34. axb6 axb6 35. b4 b5 36. c3 Nb3 37. f4 Nd2 38. h4 Ne4 39. c4 Nc3 40. cxb5
cxb5 41. h5 Ne4 42. Nd5# {Normal} 1-0

[Event "Rated Blitz game"]
[Site "?"]
[Date "2021.06.13"]
[Round "?"]
[White "Ted-Shpati_007"]
[Black "KamranShirazi"]
[Result "1/2-1/2"]
[WhiteElo "2487"]
[BlackElo "2500"]
[PlyCount "153"]
[EventDate "2021.??.??"]
[EventType "blitz"]

1. e4 e5 2. Nf3 d5 3. exd5 e4 4. Ne5 Qxd5 5. d4 exd3 6. Nxd3 Bd6 7. Nc3 Qf5 8.
Be2 Nc6 9. Be3 Be6 10. h3 Nf6 11. Qd2 O-O-O 12. O-O-O Qa5 13. Kb1 Bb4 14. Bf3
Bxa2+ 15. Nxa2 Bxd2 16. Bxd2 Qf5 17. Rhe1 Nd4 18. Re5 Qd7 19. Bxb7+ Kxb7 20.
Nc5+ Kc8 21. Nxd7 Rxd7 22. Be3 Rhd8 23. Bxd4 Rxd4 24. Rxd4 Rxd4 25. Kc1 Ra4 26.
Nc3 Ra1+ 27. Kd2 Rg1 28. g4 Rg2 29. Ke2 Rh2 30. Re3 Kd7 31. Rd3+ Ke6 32. Kf1
Rh1+ 33. Ke2 Rc1 34. Kd2 Rf1 35. Ke2 Rg1 36. Nb5 Nd5 37. Kf3 Rh1 38. Kg2 Rb1
39. Kf3 Rxb2 40. Nd4+ Ke5 41. Nc6+ Kd6 42. Nxa7 Rxc2 43. Nb5+ Kc5 44. Nd4 Rc3
45. Rxc3+ Nxc3 46. Nf5 g6 47. Nh6 f6 48. Ng8 Nd5 49. Ke4 Kd6 50. f4 c5 51. Nh6
c4 52. Kd4 Nxf4 53. Kxc4 Nxh3 54. Kd4 Ke6 55. Ke4 Ng5+ 56. Kf4 Nf7 57. Ng8 Nd6
58. g5 fxg5+ 59. Kxg5 Nf7+ 60. Kg4 h6 61. Nxh6 Nxh6+ 62. Kg5 Kf7 63. Kxh6 Kf6
64. Kh7 Kf5 65. Kg7 g5 66. Kf7 Kf4 67. Ke6 g4 68. Kd5 g3 69. Kd4 g2 70. Kd5
g1=Q 71. Kc4 Qg6 72. Kd5 Qf5+ 73. Kd4 Qe5+ 74. Kc4 Qe4+ 75. Kc3 Kf5 76. Kd2 Kf4
77. Kc3 {Time forfeit} 1/2-1/2

[Event "Rated Blitz game"]
[Site "?"]
[Date "2021.06.13"]
[Round "?"]
[White "vviageiro"]
[Black "Berovski"]
[Result "1-0"]
[WhiteElo "2441"]
[BlackElo "2412"]
[PlyCount "65"]
[EventDate "2021.??.??"]
[EventType "blitz"]

1. e4 e5 2. Nf3 d5 3. d4 dxe4 4. Nxe5 Bd6 5. Qh5 Be6 6. Bg5 Be7 7. Bxe7 Nxe7 8.
c3 c5 9. dxc5 O-O 10. Nc4 Nf5 11. Nbd2 g6 12. Qe2 Re8 13. O-O-O Nd7 14. Nxe4
Qc7 15. g4 Nxc5 16. Nxc5 Bxc4 17. Qxc4 Nd6 18. Qd5 Rad8 19. Nd3 Ne4 20. Qb3
Nxf2 21. Nxf2 Qf4+ 22. Kb1 Qxf2 23. Bb5 Rxd1+ 24. Rxd1 Re1 25. a4 Rxd1+ 26.
Qxd1 Qxh2 27. Bc4 Qc7 28. Qd5 b6 29. Ka2 h6 30. Qd4 Kh7 31. Bb3 Qe7 32. Qd5 Kg7
33. Bc2 {Time forfeit} 1-0

[Event "Rated Blitz game"]
[Site "?"]
[Date "2021.06.13"]
[Round "?"]
[White "A1986-ADDOO"]
[Black "KamranShirazi"]
[Result "1-0"]
[WhiteElo "2481"]
[BlackElo "2511"]
[PlyCount "57"]
[EventDate "2021.??.??"]
[EventType "blitz"]

1. e4 e5 2. Nf3 d5 3. exd5 e4 4. Qe2 Nf6 5. d3 Bb4+ 6. c3 O-O 7. dxe4 Bc5 8.
Be3 Nxe4 9. Nbd2 Re8 10. O-O-O Nxf2 11. Qxf2 Bxe3 12. Qg3 Bf5 13. Nd4 Bg6 14.
Bc4 Nd7 15. Nb5 Ne5 16. Qxe3 Nxc4 17. Qf4 Ne5 18. Nf3 Nd3+ 19. Rxd3 Bxd3 20.
Nxc7 Re4 21. Qg3 Rc8 22. d6 Re2 23. Nd4 Bc4 24. Nxe2 Bxe2 25. Re1 Bh5 26. Re8+
Qxe8 27. Nxe8 Rxe8 28. d7 Re1+ 29. Qxe1 {Normal} 1-0

[Event "Rated Blitz game"]
[Site "?"]
[Date "2021.06.13"]
[Round "?"]
[White "Viageiro"]
[Black "KinzyabulatovRenat"]
[Result "1/2-1/2"]
[WhiteElo "2412"]
[BlackElo "2402"]
[PlyCount "108"]
[EventDate "2021.??.??"]
[EventType "blitz"]

1. e4 e5 2. Nf3 d5 3. Nxe5 Bd6 4. d4 dxe4 5. Bc4 Bxe5 6. dxe5 Qxd1+ 7. Kxd1 Nc6
8. Bb5 Nge7 9. Nc3 Bf5 10. Bf4 O-O-O+ 11. Kc1 Nd4 12. Re1 Nxb5 13. Nxb5 Nd5 14.
Bg3 h5 15. h4 a6 16. Nd4 Bg6 17. e6 f5 18. Be5 Rhg8 19. a3 Rde8 20. c4 Ne7 21.
b3 c5 22. Ne2 Nc6 23. Bd6 b6 24. Nf4 Bh7 25. b4 Nd4 26. Kb2 Nxe6 27. Nxe6 Rxe6
28. bxc5 Kb7 29. Kc3 Kc6 30. Rab1 bxc5 31. Bf4 Ree8 32. Red1 Rd8 33. Rxd8 Rxd8
34. Be3 Rd3+ 35. Kb2 g6 36. g3 Bg8 37. Rc1 a5 38. Rc3 Rxc3 39. Kxc3 a4 40. Bd2
Bf7 41. Be3 Be6 42. Bf4 Bd7 43. Be3 Bc8 44. Bf4 Ba6 45. Be3 Kd6 46. Bf4+ Ke6
47. Be3 Kd6 48. Bf4+ Kc6 49. Be3 Bc8 50. Bf4 Be6 51. Be3 Bg8 52. Bf4 Be6 53.
Be3 Bg8 54. Bf4 Be6 {Normal} 1/2-1/2

[Event "Rated Blitz tournament a53xdTxU"]
[Site "?"]
[Date "2021.06.13"]
[Round "?"]
[White "Evan-chess"]
[Black "om_gendut"]
[Result "1/2-1/2"]
[WhiteElo "2328"]
[BlackElo "2428"]
[PlyCount "24"]
[EventDate "2021.??.??"]
[EventType "blitz"]

1. e4 e5 2. Nf3 d5 3. exd5 e4 4. Nd4 Qxd5 5. Nb3 Nf6 6. Nc3 Qe5 7. Be2 Bd6 8.
d3 exd3 9. cxd3 O-O 10. d4 Qf5 11. O-O Nc6 12. Bf3 Qg6 {Normal} 1/2-1/2

[Event "Rated Blitz tournament a53xdTxU"]
[Site "?"]
[Date "2021.06.13"]
[Round "?"]
[White "nihalnshetty"]
[Black "om_gendut"]
[Result "0-1"]
[WhiteElo "2260"]
[BlackElo "2423"]
[PlyCount "52"]
[EventDate "2021.??.??"]
[EventType "blitz"]

1. e4 e5 2. Nf3 d5 3. d4 dxe4 4. Nxe5 Bd6 5. Bc4 Bxe5 6. dxe5 Qxd1+ 7. Kxd1 Nc6
8. f4 exf3 9. gxf3 Bf5 10. f4 O-O-O+ 11. Ke2 Nd4+ 12. Kf2 Nxc2 13. Bxf7 Nxa1
14. e6 Bxb1 15. Be3 Bf5 16. Rxa1 Ne7 17. Rc1 Bg6 18. Bc5 Nd5 19. e7 Bxf7 20.
exd8=Q+ Rxd8 21. f5 g6 22. f6 Nxf6 23. Be7 Ne4+ 24. Ke3 Rd7 25. Bh4 Nd6 26. Bg3
Nf5+ {Normal} 0-1

[Event "Rated Blitz game"]
[Site "?"]
[Date "2021.06.13"]
[Round "?"]
[White "JulioMolinaGarcia"]
[Black "magos33"]
[Result "0-1"]
[WhiteElo "2339"]
[BlackElo "2415"]
[PlyCount "74"]
[EventDate "2021.??.??"]
[EventType "blitz"]

1. e4 e5 2. Nf3 d5 3. exd5 e4 4. Qe2 Nf6 5. Nc3 Be7 6. Nxe4 O-O 7. d3 Re8 8.
Be3 Nxd5 9. O-O-O f5 10. Nc3 Nxc3 11. bxc3 Ba3+ 12. Kb1 f4 13. Nd4 fxe3 14.
fxe3 a6 15. g3 c5 16. Nb3 Nc6 17. Bg2 Qb6 18. Ka1 Be6 19. Rb1 Qc7 20. Be4 Qe5
21. Qd2 c4 22. Nd4 cxd3 23. cxd3 Nxd4 24. cxd4 Qd6 25. Rxb7 Rab8 26. Rhb1 Rxb7
27. Rxb7 Bd5 28. Bxd5+ Qxd5 29. Rb3 Qh1+ 30. Rb1 Qf3 31. e4 Rd8 32. Qc3 Be7 33.
Qc7 Qxd3 34. Qxe7 Qxd4+ 35. Rb2 Rb8 36. Qa3 Qd1+ 37. Rb1 Qxb1# {Normal} 0-1

[Event "Rated Blitz game"]
[Site "?"]
[Date "2021.06.13"]
[Round "?"]
[White "nickandr"]
[Black "Tristan2020"]
[Result "1-0"]
[WhiteElo "2405"]
[BlackElo "2343"]
[PlyCount "165"]
[EventDate "2021.??.??"]
[EventType "blitz"]

1. e4 e5 2. Nf3 d5 3. exd5 e4 4. Qe2 Nf6 5. d3 Qxd5 6. Nbd2 Be6 7. dxe4 Qa5 8.
Qb5+ Qxb5 9. Bxb5+ c6 10. Bd3 Nbd7 11. O-O O-O-O 12. Ng5 Nc5 13. Nxe6 Nxe6 14.
f3 Bc5+ 15. Kh1 h5 16. Nb3 Bb6 17. a4 h4 18. a5 Bc7 19. Be3 a6 20. Kg1 Nf4 21.
Rfd1 g5 22. Bf1 Ne6 23. c3 g4 24. Nd4 h3 25. gxh3 gxf3 26. Nxf3 Nxe4 27. Bg2
Rdg8 28. Kf1 f5 29. h4 Nf4 30. Bxf4 Bxf4 31. Bh3 Kc7 32. Bxf5 Nd6 33. Bh3 Rf8
34. Bg2 Bxh2 35. Rd4 Rf4 36. Rad1 Rxd4 37. Rxd4 Bg3 38. Rg4 Nf5 39. Rg5 Ne3+
40. Kg1 Bxh4 41. Rg7+ Kd6 42. Bh3 Be7 43. b4 Rxh3 44. Kf2 Nf5 45. Rf7 Ke6 46.
Ng5+ Bxg5 47. Rxb7 Rxc3 48. Rb6 Kd5 49. Rxa6 Be3+ 50. Ke2 Nd4+ 51. Kf1 Rb3 52.
Rb6 Nb5 53. Rb8 Ra3 54. Rd8+ Kc4 55. Rc8 Nd4 56. b5 c5 57. b6 Ra1+ 58. Kg2 Rb1
59. Rb8 Kd5 60. a6 c4 61. a7 Rb2+ 62. Kh3 Ra2 63. b7 Rxa7 64. Rd8+ Ke4 65. b8=Q
Rh7+ 66. Kg2 Rg7+ 67. Kh3 Rh7+ 68. Kg4 Rg7+ 69. Kh5 Rg5+ 70. Kh4 Nf5+ 71. Kh3
Rg3+ 72. Kh2 Rf3 73. Qb7+ Kf4 74. Qc7+ Ke4 75. Qxc4+ Nd4 76. Re8+ Kf4 77. Qf7+
Nf5 78. Qc7+ Kg4 79. Rg8+ Kh5 80. Qf7+ Kh4 81. Qf6+ Kh5 82. Qg6+ Kh4 83. Qg4# {
Normal} 1-0

[Event "Rated Blitz game"]
[Site "?"]
[Date "2021.06.13"]
[Round "?"]
[White "Albator"]
[Black "lavilaine"]
[Result "1/2-1/2"]
[WhiteElo "2427"]
[BlackElo "2358"]
[PlyCount "92"]
[EventDate "2021.??.??"]
[EventType "blitz"]

1. e4 e5 2. Nf3 d5 3. d3 dxe4 4. dxe4 Qxd1+ 5. Kxd1 Bg4 6. c3 Nc6 7. Kc2 Bxf3
8. gxf3 O-O-O 9. Be3 f6 10. Bc4 Nge7 11. Nd2 Ng6 12. Rad1 Nf4 13. Rhg1 g5 14.
h4 gxh4 15. Rg4 h3 16. Bxf4 exf4 17. Rh4 Ne5 18. Be6+ Kb8 19. Rxh3 Bc5 20. Nc4
Rxd1 21. Kxd1 Bxf2 22. Ke2 Bg3 23. Nxe5 fxe5 24. Rh6 b5 25. Bf5 a5 26. Rxh7
Rxh7 27. Bxh7 Kb7 28. Bf5 c5 29. Kd3 c4+ 30. Ke2 Kc6 31. Be6 Kc5 32. Bd7 b4 33.
Be6 a4 34. Kd2 a3 35. bxa3 bxa3 36. Kc2 Bf2 37. Bd5 Be3 38. Be6 Kb5 39. Bd5 Bf2
40. Be6 Be3 41. Bd5 Kc5 42. Be6 Kb5 43. Bd5 Kc5 44. Be6 Kb5 45. Bd5 Kc5 46. Be6
Kb5 {Normal} 1/2-1/2

[Event "Rated Blitz game"]
[Site "?"]
[Date "2021.06.13"]
[Round "?"]
[White "Chochip"]
[Black "magos33"]
[Result "1-0"]
[WhiteElo "2344"]
[BlackElo "2412"]
[PlyCount "101"]
[EventDate "2021.??.??"]
[EventType "blitz"]

1. e4 e5 2. Nf3 d5 3. d4 dxe4 4. Nxe5 Bd6 5. Nc4 Nf6 6. Bg5 Be7 7. Be2 Bf5 8.
O-O O-O 9. Nc3 c6 10. Ne3 Bg6 11. Bf4 Nbd7 12. d5 cxd5 13. Nexd5 Nxd5 14. Qxd5
Nc5 15. Rad1 Qc8 16. Bd6 Bxd6 17. Qxd6 Rd8 18. Qe5 Re8 19. Qd5 Ne6 20. Bg4 Nf4
21. Bxc8 Nxd5 22. Bxb7 Nxc3 23. bxc3 Rab8 24. Bd5 Rb2 25. Bb3 a5 26. a4 e3 27.
fxe3 Bxc2 28. Bxf7+ Kf8 29. Bxe8+ Kxe8 30. Rd2 Ke7 31. Rc1 Ra2 32. Rdxc2 Rxa4
33. Rb2 Rc4 34. Rb7+ Kf6 35. Ra7 a4 36. Kf2 h5 37. Ke2 g5 38. Kd3 Rc6 39. Ra1
Rd6+ 40. Ke2 Rc6 41. R1xa4 Rxc3 42. R7a6+ Kf5 43. R4a5+ Kg4 44. Ra4+ Kf5 45.
R4a5+ Kg4 46. h3+ Kh4 47. Kf3 Rc7 48. Rf6 Rg7 49. Ra1 g4+ 50. hxg4 hxg4+ 51.
Kf4 {Normal} 1-0

[Event "Rated Blitz game"]
[Site "?"]
[Date "2021.06.13"]
[Round "?"]
[White "wnisntused"]
[Black "okon"]
[Result "0-1"]
[WhiteElo "2337"]
[BlackElo "2406"]
[PlyCount "90"]
[EventDate "2021.??.??"]
[EventType "blitz"]

1. e4 e5 2. Nf3 d5 3. d4 exd4 4. Qxd4 dxe4 5. Qxe4+ Qe7 6. Qxe7+ Bxe7 7. Bc4
Nf6 8. O-O O-O 9. Re1 Bb4 10. c3 Bd6 11. Bg5 Nbd7 12. Nbd2 h6 13. Bh4 b6 14.
Rad1 Bb7 15. Bg3 Bxg3 16. hxg3 Rfe8 17. Nf1 Nc5 18. Ne3 Na4 19. Rd2 Ne4 20.
Rde2 Nd6 21. Bb3 Nc5 22. Nc4 Rxe2 23. Rxe2 Ba6 24. Nfd2 Nd3 25. Nxd6 cxd6 26.
Re7 Nxb2 27. Rxf7 Kh8 28. Nf3 Bc4 29. Rd7 d5 30. Nd4 Re8 31. Rxa7 Re1+ 32. Kh2
Bxb3 33. axb3 Rc1 34. Nf5 Rxc3 35. Nxg7 Rxb3 36. Nf5 Kg8 37. Kh3 Nd3 38. Nxh6+
Kf8 39. Rf7+ Ke8 40. Kh4 d4 41. f4 Nf2 42. Ra7 d3 43. Ra4 d2 44. Rd4 Rd3 45.
Rxd3 Nxd3 {Normal} 0-1

[Event "Rated Blitz game"]
[Site "?"]
[Date "2021.06.13"]
[Round "?"]
[White "Titandelmundo"]
[Black "jblick"]
[Result "1-0"]
[WhiteElo "2338"]
[BlackElo "2409"]
[PlyCount "97"]
[EventDate "2021.??.??"]
[EventType "blitz"]

1. e4 e5 2. Nf3 d5 3. exd5 Qxd5 4. Nc3 Qa5 5. Bc4 Nc6 6. O-O Bg4 7. h3 Bh5 8.
Re1 Bd6 9. d4 O-O-O 10. d5 Nd4 11. Be2 Nxe2+ 12. Qxe2 Nf6 13. Bg5 Rde8 14. Bxf6
gxf6 15. Ne4 f5 16. Nxd6+ cxd6 17. Qc4+ Kb8 18. Nh2 Rc8 19. Qb3 Rhg8 20. c4 e4
21. Rac1 f6 22. a3 Rg7 23. Qc3 Qxc3 24. Rxc3 Rcg8 25. g3 b6 26. Kf1 Rc8 27.
Rec1 Rgc7 28. Ke1 Kb7 29. Nf1 Bf3 30. Ne3 f4 31. gxf4 Rg7 32. Kd2 h5 33. Nf5
Rg2 34. Ke3 Rd8 35. b4 Rh2 36. Nd4 Rxh3 37. Ne6 Rd7 38. Kd4 Bg4 39. Rxh3 Bxh3
40. Rh1 Bxe6 41. dxe6 Re7 42. f5 Rh7 43. Kxe4 Kc6 44. Rh4 b5 45. cxb5+ Kxb5 46.
Kd5 Rc7 47. Kxd6 Rc6+ 48. Ke7 Rc7+ 49. Kxf6 {Normal} 1-0

[Event "Rated Blitz game"]
[Site "?"]
[Date "2021.06.13"]
[Round "?"]
[White "DefiantChair"]
[Black "KinzyabulatovRenat"]
[Result "1-0"]
[WhiteElo "2454"]
[BlackElo "2414"]
[PlyCount "69"]
[EventDate "2021.??.??"]
[EventType "blitz"]

1. e4 e5 2. Nf3 d5 3. Nxe5 Bd6 4. d4 dxe4 5. Nc4 Nf6 6. Nc3 O-O 7. Bg5 Be7 8.
Be2 Nc6 9. Bxf6 Bxf6 10. Nxe4 Nxd4 11. Nxf6+ Qxf6 12. O-O Be6 13. Bd3 Rad8 14.
Ne3 c5 15. Qh5 g6 16. Qxc5 b6 17. Qc7 Rd7 18. Qg3 Rfd8 19. Rae1 a5 20. Ng4 Bxg4
21. Qxg4 a4 22. Re4 b5 23. Rfe1 Kg7 24. Rf4 Qc6 25. h3 b4 26. Qg5 h6 27. Qe5+
f6 28. Qe3 Nxc2 29. Bxc2 Qxc2 30. Rxb4 a3 31. bxa3 Qxa2 32. Re4 g5 33. Re7+ Kf8
34. Rxd7 Rxd7 35. Qe8+ {Normal} 1-0

[Event "Rated Blitz game"]
[Site "?"]
[Date "2021.06.13"]
[Round "?"]
[White "cruz59"]
[Black "GrandeGila"]
[Result "1-0"]
[WhiteElo "2497"]
[BlackElo "2452"]
[PlyCount "96"]
[EventDate "2021.??.??"]
[EventType "blitz"]

1. e4 e5 2. Nf3 d5 3. exd5 e4 4. Qe2 Nf6 5. d3 Qxd5 6. Nbd2 Nc6 7. dxe4 Qh5 8.
Qb5 Bc5 9. Nb3 Nxe4 10. Nxc5 Qxc5 11. Be3 Qxb5 12. Bxb5 Bd7 13. O-O-O O-O-O 14.
Rhe1 Rhe8 15. Ng5 Nxg5 16. Bxg5 f6 17. Be3 Ne5 18. Bxd7+ Rxd7 19. Rxd7 Kxd7 20.
Rd1+ Kc6 21. h3 b6 22. b3 Nf7 23. Bf4 Re2 24. Rd2 Re1+ 25. Rd1 Re4 26. Bg3 f5
27. f3 Re6 28. Bf4 g5 29. Bh2 f4 30. Kd2 Kd7 31. Re1 Rxe1 32. Kxe1 Kd6 33. Ke2
Ke5 34. Kd3 Nd6 35. Bg1 c5 36. c4 a5 37. Bf2 Nf5 38. Kc3 Kd6 39. Kd3 Ke5 40.
Kc3 h5 41. Kd3 g4 42. hxg4 hxg4 43. fxg4 Ng7 44. Bh4 Ne6 45. Be7 Nd4 46. Bd8 b5
47. Bxa5 b4 48. Bc7+ Ke6 {Normal} 1-0

[Event "Rated Blitz tournament a53xdTxU"]
[Site "?"]
[Date "2021.06.13"]
[Round "?"]
[White "Rafael-Lord"]
[Black "om_gendut"]
[Result "1-0"]
[WhiteElo "2356"]
[BlackElo "2423"]
[PlyCount "51"]
[EventDate "2021.??.??"]
[EventType "blitz"]

1. e4 e5 2. Nf3 d5 3. Nxe5 Bd6 4. d4 dxe4 5. Bc4 Bxe5 6. Qh5 Qe7 7. dxe5 g6 8.
Qg5 f6 9. exf6 Nxf6 10. Nc3 Be6 11. Bb3 Nc6 12. Bf4 O-O-O 13. O-O h6 14. Qg3
Nh5 15. Qe3 g5 16. Bg3 Nf6 17. Ba4 Nd4 18. Nxe4 Nf5 19. Qxa7 c6 20. Rfd1 Nd5
21. Qa8+ Kd7 22. Qxb7+ Ke8 23. Bxc6+ Kf7 24. Bxd5 Qxb7 25. Bxb7 Rb8 26. Bxb8 {
Normal} 1-0

[Event "Rated Blitz game"]
[Site "?"]
[Date "2021.06.13"]
[Round "?"]
[White "Zhchess2004"]
[Black "KinzyabulatovRenat"]
[Result "0-1"]
[WhiteElo "2421"]
[BlackElo "2406"]
[PlyCount "58"]
[EventDate "2021.??.??"]
[EventType "blitz"]

1. e4 e5 2. Nf3 d5 3. exd5 e4 4. Nd4 Qxd5 5. Nb3 Nc6 6. Nc3 Qe5 7. d4 exd3+ 8.
Be3 dxc2 9. Qxc2 Bf5 10. Qc1 O-O-O 11. Be2 Bd3 12. Bxd3 Rxd3 13. O-O Nf6 14.
Re1 Ng4 15. Bf4 Qh5 16. h3 Nf6 17. Qc2 Nb4 18. Qe2 Bd6 19. Bxd6 Rxd6 20. Qe7
Nd3 21. Re3 Rhd8 22. Rd1 a6 23. Rd2 Qg6 24. Kh2 Nh5 25. Rf3 f5 26. Ne2 Qh6 27.
Rdxd3 Rxd3 28. Rxd3 Rxd3 29. Qf8+ Rd8 {Time forfeit} 0-1

[Event "Rated Blitz game"]
[Site "?"]
[Date "2021.06.13"]
[Round "?"]
[White "saterike"]
[Black "magos33"]
[Result "0-1"]
[WhiteElo "2246"]
[BlackElo "2421"]
[PlyCount "48"]
[EventDate "2021.??.??"]
[EventType "blitz"]

1. e4 e5 2. Nf3 d5 3. Nxe5 Bd6 4. d4 dxe4 5. Nc4 Nf6 6. Nxd6+ Qxd6 7. Be2 O-O
8. O-O Bf5 9. c4 c5 10. d5 Nbd7 11. Nc3 a6 12. b3 Ne5 13. Bb2 Nd3 14. Bxd3 exd3
15. Nb1 Rfe8 16. Nd2 Re2 17. Bc3 Rae8 18. Qc1 Ng4 19. f4 Qh6 20. h3 Ne3 21. Rf3
Rxg2+ 22. Kh1 Bxh3 23. Rxe3 Rxe3 24. Nf1 Ree2 {Normal} 0-1

[Event "Rated Blitz game"]
[Site "?"]
[Date "2021.06.13"]
[Round "?"]
[White "pusydestoyer"]
[Black "KinzyabulatovRenat"]
[Result "1-0"]
[WhiteElo "2463"]
[BlackElo "2418"]
[PlyCount "65"]
[EventDate "2021.??.??"]
[EventType "blitz"]

1. e4 e5 2. Nf3 d5 3. d4 dxe4 4. Nxe5 Bd6 5. Nc4 Nf6 6. Nxd6+ Qxd6 7. Nc3 O-O
8. Be3 Nc6 9. Be2 Nb4 10. O-O Re8 11. Nb5 Qe7 12. c4 Bf5 13. d5 Bg6 14. a3 Nd3
15. b4 c6 16. dxc6 bxc6 17. Nc3 a5 18. b5 cxb5 19. cxb5 Red8 20. Qb3 Bh5 21.
Bxh5 Nxh5 22. b6 Nf6 23. b7 Rab8 24. Rab1 Ng4 25. Ba7 Qe5 26. Bxb8 Rxb8 27. g3
Qh5 28. h4 g5 29. Nxe4 gxh4 30. Qxd3 h3 31. Qf3 h2+ 32. Kh1 Kg7 33. Rb5 {
Time forfeit} 1-0

[Event "Rated Blitz tournament i9pDQAMB"]
[Site "?"]
[Date "2021.06.13"]
[Round "?"]
[White "Dr_Thomas_Tal"]
[Black "Lur15"]
[Result "1-0"]
[WhiteElo "2466"]
[BlackElo "2372"]
[PlyCount "44"]
[EventDate "2021.??.??"]
[EventType "blitz"]

1. e4 e5 2. Nf3 d5 3. exd5 e4 4. Qe2 Nf6 5. Nc3 Be7 6. Nxe4 Nxd5 7. d3 O-O 8.
g3 f5 9. Nc3 Re8 10. Be3 Bb4 11. Qd2 Qf6 12. d4 c5 13. Bc4 Be6 14. Ng5 Nxe3 15.
Bxe6+ Rxe6 16. Nxe6 cxd4 17. Nxd4 Qxd4 18. Qxe3 Qxe3+ 19. fxe3 Nc6 20. O-O-O
Re8 21. Nd5 Bd6 22. Rhf1 g6 {Normal} 1-0

[Event "Rated Blitz game"]
[Site "?"]
[Date "2021.06.13"]
[Round "?"]
[White "AntoniodelaTorre"]
[Black "annaly1979"]
[Result "0-1"]
[WhiteElo "2516"]
[BlackElo "2474"]
[PlyCount "70"]
[EventDate "2021.??.??"]
[EventType "blitz"]

1. e4 e5 2. Nf3 d5 3. Nxe5 Qe7 4. d4 f6 5. Ng4 Nc6 6. Ne3 Qxe4 7. c3 Nge7 8.
Bd3 Qh4 9. g3 Qh3 10. Bf1 Qe6 11. Bg2 Bd7 12. O-O O-O-O 13. a4 g5 14. a5 a6 15.
b4 Na7 16. Re1 Qf7 17. Na3 h5 18. Bf1 h4 19. b5 hxg3 20. fxg3 Qh7 21. Ra2 Nxb5
22. Nxb5 Bxb5 23. Bxb5 axb5 24. a6 bxa6 25. Qf3 f5 26. Ba3 f4 27. Ng4 fxg3 28.
Bxe7 Bxe7 29. Rxa6 Qc2 30. Re2 gxh2+ 31. Nxh2 Qd1+ 32. Kg2 Bd6 33. Ra8+ Kb7 34.
Qxd5+ Kb6 35. Rxd8 Qxe2+ {Normal} 0-1

[Event "Rated Blitz game"]
[Site "?"]
[Date "2021.06.13"]
[Round "?"]
[White "Batyrev_Kirill"]
[Black "BaronBananenschnabel"]
[Result "0-1"]
[WhiteElo "2325"]
[BlackElo "2407"]
[PlyCount "74"]
[EventDate "2021.??.??"]
[EventType "blitz"]

1. e4 e5 2. Nf3 d5 3. exd5 Bd6 4. Nc3 Nf6 5. d3 O-O 6. Bg5 Nbd7 7. Ne4 h6 8.
Bxf6 Nxf6 9. Nxf6+ Qxf6 10. c4 e4 11. dxe4 Qxb2 12. Be2 Bb4+ 13. Nd2 Bxd2+ 14.
Qxd2 Qxa1+ 15. Bd1 Re8 16. O-O Qe5 17. Bc2 f5 18. f4 Qe7 19. e5 Qc5+ 20. Kh1
Qxc4 21. Ra1 Bd7 22. Bb3 Qc5 23. Rc1 Qb6 24. d6+ Kh8 25. Rxc7 Bc6 26. h3 Rad8
27. Qe2 Rxd6 28. Bf7 Qxc7 29. Bxe8 Rd4 30. Bxc6 Qxc6 31. Qe3 Re4 32. Qd2 Kh7
33. Kh2 Qc4 34. Qd7 Rxf4 35. e6 Rf2 36. Qd6 Qf4+ 37. Qxf4 Rxf4 {Normal} 0-1

[Event "Rated Blitz tournament 8isNN6k8"]
[Site "?"]
[Date "2021.06.13"]
[Round "?"]
[White "markos_math"]
[Black "iskander2007"]
[Result "1-0"]
[WhiteElo "2516"]
[BlackElo "2273"]
[PlyCount "77"]
[EventDate "2021.??.??"]
[EventType "blitz"]

1. e4 e5 2. Nf3 d5 3. exd5 e4 4. Qe2 f5 5. d3 Nf6 6. Nc3 Bb4 7. dxe4 Bxc3+ 8.
bxc3 fxe4 9. Nd4 O-O 10. c4 c5 11. Nb5 a6 12. Nc3 Bf5 13. h3 Nbd7 14. g4 Bg6
15. Bg2 Re8 16. O-O Qc7 17. Bg5 Qe5 18. Qd2 h6 19. Be3 b6 20. Rad1 Rad8 21. Bf4
Qe7 22. Rfe1 Ne5 23. Qe2 Qf7 24. Bg3 Nf3+ 25. Bxf3 exf3 26. Qxf3 Bxc2 27. Rc1
Bg6 28. Bh4 Rxe1+ 29. Rxe1 Re8 30. Rxe8+ Qxe8 31. Bxf6 Qe1+ 32. Kg2 gxf6 33.
Qxf6 Kh7 34. d6 b5 35. cxb5 axb5 36. d7 Be4+ 37. Nxe4 Qxe4+ 38. Kh2 Qd4 39.
Qxd4 {Normal} 1-0

[Event "Rated Blitz game"]
[Site "?"]
[Date "2021.06.13"]
[Round "?"]
[White "zumarex"]
[Black "khalid_ontawar"]
[Result "0-1"]
[WhiteElo "2391"]
[BlackElo "2410"]
[PlyCount "30"]
[EventDate "2021.??.??"]
[EventType "blitz"]

1. e4 e5 2. Nf3 d5 3. exd5 e4 4. Qe2 Nf6 5. d3 Bf5 6. Nbd2 Qxd5 7. dxe4 Bxe4 8.
Nxe4 Qxe4 9. Qxe4+ Nxe4 10. Bf4 Bd6 11. Bxd6 Nxd6 12. O-O-O O-O 13. Bd3 Nc6 14.
c3 Rae8 15. Rhe1 g6 {Normal} 0-1

[Event "Rated Blitz game"]
[Site "?"]
[Date "2021.06.13"]
[Round "?"]
[White "Ted-Shpati_007"]
[Black "KamranShirazi"]
[Result "0-1"]
[WhiteElo "2482"]
[BlackElo "2505"]
[PlyCount "26"]
[EventDate "2021.??.??"]
[EventType "blitz"]

1. e4 e5 2. Nf3 d5 3. exd5 e4 4. Ne5 Qxd5 5. d4 exd3 6. Nxd3 Bd6 7. Nc3 Qf5 8.
Be2 Nc6 9. h3 Nf6 10. O-O Nd4 11. Be3 Nxe2+ 12. Qxe2 Be6 13. Nb5 Qxb5 {Time
forfeit} 0-1

[Event "Rated Blitz game"]
[Site "?"]
[Date "2021.06.13"]
[Round "?"]
[White "ChessHungerOnTwitch"]
[Black "KinzyabulatovRenat"]
[Result "0-1"]
[WhiteElo "2426"]
[BlackElo "2416"]
[PlyCount "36"]
[EventDate "2021.??.??"]
[EventType "blitz"]

1. e4 e5 2. Nf3 d5 3. exd5 e4 4. Qe2 Nf6 5. Nc3 Be7 6. Nxe4 Nxd5 7. d3 O-O 8.
c4 Nf6 9. Bd2 c5 10. O-O-O Nc6 11. Bc3 Bg4 12. h3 Bxf3 13. Qxf3 Nd4 14. Nxf6+
Bxf6 15. Qxb7 Re8 16. g3 Rb8 17. Qd5 Qb6 18. b3 a5 {Normal} 0-1